Wszystkie części NeedForSpeed'a! - Statystyki

Ogólne statystyki
  • Ten quiz został rozwiązany 203 razy
  • Średni wynik to 11 z 26
Statystyki odpowiedzi
Hint Odpowiedź % Poprawnych
2005 Most Wanted
86%
2012 Most Wanted
86%
2003 Underground
76%
1994 The Need For Speed
69%
2019 Heat
68%
2004 Underground 2
66%
2017 Payback
65%
2006 Carbon
61%
2010 Hot Pursuit
60%
2009 Shift
54%
2008 Undercover
46%
2013 Rivals
44%
2011 Shift 2
38%
2007 ProStreet
37%
2002 Hot Pursuit 2
32%
2011 The Run
32%
2010 World
32%
1997 Need For Speed II
23%
2015 No Limits
14%
2009 Nitro
13%
2000 Porsche 2000
12%
1998 Need For Speed III: Hot Pursuit
11%
2005 Most Wanted 5-1-0
8%
2005 Underground Rivals
7%
2006 Carbon Own the City
6%
1999 Road Challenge
4%
Nie znaleziono quizów pasujących do podanych kryteriów
Rozkład punktacji
Procent ludzi z każdym wynikiem
Percentyl według liczby udzielonych odpowiedzi
Twoja historia wyników
Nie rozwiązałeś tego quizu